<?xml version="1.0" encoding="UTF-8"?>
<collection xmlns:xsi="http://www.w3.org/2001/XMLSchema-instance" xsi:schemaLocation="http://www.loc.gov/MARC21/slim http://www.loc.gov/standards/marcxml/schema/MARC21slim.xsd" xmlns="http://www.loc.gov/MARC21/slim">
 <record>
  <leader>00000caa a22000004i 4500</leader>
  <controlfield tag="001">UP-1685594773861465240</controlfield>
  <controlfield tag="003">Buklod</controlfield>
  <controlfield tag="005">20070906152530.0</controlfield>
  <controlfield tag="006">j|||||||||||||| | </controlfield>
  <controlfield tag="007">s| |||||||||||</controlfield>
  <controlfield tag="008">200325s1999    xx      r    |||| u|eng d</controlfield>
  <datafield tag="035" ind1=" " ind2=" ">
   <subfield code="a">(iLib)UPBAG-00000027672</subfield>
  </datafield>
  <datafield tag="040" ind1=" " ind2=" ">
   <subfield code="a">BAG</subfield>
   <subfield code="e">rda</subfield>
  </datafield>
  <datafield tag="041" ind1="0" ind2=" ">
   <subfield code="a">eng</subfield>
  </datafield>
  <datafield tag="090" ind1=" " ind2="0">
   <subfield code="a">Cordillera-Monograph</subfield>
  </datafield>
  <datafield tag="100" ind1="1" ind2=" ">
   <subfield code="a">Alcantara, Erlyn Ruth E.</subfield>
   <subfield code="e">author.</subfield>
  </datafield>
  <datafield tag="245" ind1="1" ind2="0">
   <subfield code="a">Baguio between two wars</subfield>
   <subfield code="b">the creation and destruction of a summer capital</subfield>
   <subfield code="c">by Erlyn Ruth E. Alcantara.</subfield>
  </datafield>
  <datafield tag="264" ind1=" " ind2="1">
   <subfield code="c">1999.</subfield>
  </datafield>
  <datafield tag="300" ind1=" " ind2=" ">
   <subfield code="a">11 leaves</subfield>
   <subfield code="c">28 cm</subfield>
  </datafield>
  <datafield tag="336" ind1=" " ind2=" ">
   <subfield code="a">text</subfield>
   <subfield code="2">rdacontent</subfield>
  </datafield>
  <datafield tag="337" ind1=" " ind2=" ">
   <subfield code="a">unmediated</subfield>
   <subfield code="2">rdamedia</subfield>
  </datafield>
  <datafield tag="338" ind1=" " ind2=" ">
   <subfield code="a">volume</subfield>
   <subfield code="2">rdacarrier</subfield>
  </datafield>
  <datafield tag="500" ind1=" " ind2=" ">
   <subfield code="a">Paper delivered at the 20th National Conference on Local and National History, UP College Baguio, 21-22 October 1999.</subfield>
  </datafield>
  <datafield tag="500" ind1=" " ind2=" ">
   <subfield code="a">Paper excised from the manuscripts: Historical notes on Baguio, 1991 rev. 1998 and &quot;Building the Benguet road : engineering feat or failed experiment,&quot; 1998.</subfield>
  </datafield>
  <datafield tag="500" ind1=" " ind2=" ">
   <subfield code="a">Excerpt of a paper of the same title published in &quot;Vestiges of war : the Philippine American war and its aftermath.&quot; New York : New York University Press, 1999.</subfield>
  </datafield>
  <datafield tag="504" ind1=" " ind2=" ">
   <subfield code="a">Includes bibliographical references.</subfield>
  </datafield>
  <datafield tag="650" ind1=" " ind2="0">
   <subfield code="a">Bombings, Aerial</subfield>
   <subfield code="z">Philippines</subfield>
   <subfield code="z">Baguio City</subfield>
   <subfield code="v">Congresses.</subfield>
  </datafield>
  <datafield tag="650" ind1=" " ind2="0">
   <subfield code="a">World War, 1939-1945</subfield>
   <subfield code="z">Philippines</subfield>
   <subfield code="z">Baguio City</subfield>
   <subfield code="v">Congresses.</subfield>
  </datafield>
  <datafield tag="651" ind1=" " ind2="0">
   <subfield code="a">Baguio City</subfield>
   <subfield code="x">History</subfield>
   <subfield code="v">Congresses.</subfield>
  </datafield>
  <datafield tag="711" ind1="1" ind2=" ">
   <subfield code="a">National Conference on Local and National History</subfield>
   <subfield code="n">(20th</subfield>
   <subfield code="d">1999</subfield>
   <subfield code="c">U.P. College Baguio)</subfield>
   <subfield code="e">other.</subfield>
  </datafield>
  <datafield tag="905" ind1=" " ind2=" ">
   <subfield code="a">FI</subfield>
  </datafield>
  <datafield tag="852" ind1="0" ind2=" ">
   <subfield code="a">UPBAG</subfield>
   <subfield code="b">UPBAG-MAIN</subfield>
   <subfield code="h">CORDILLERA-MONOGRAPH</subfield>
  </datafield>
  <datafield tag="942" ind1=" " ind2=" ">
   <subfield code="a">Analytics</subfield>
  </datafield>
 </record>
</collection>
